000 00374nam a2200145Ia 4500
008 210210b1975 xxu||||| |||| 00| 0 eng d
020 _a0 14 00 0297 9
082 _a823.912 ORWD
100 _aORWELL (George).
245 _aDown and out in Paris and London.
260 _aEngland.
_bPenguin Books
_c1975
300 _a190
690 _aEnglish Fiction
906 _aSG01226
999 _c112796
_d112796